000 00896nam a22002777a 4500
003 CHAP
005 20220329135410.0
008 971013s1973 r 00010 d
010 _a35759
011 _a36731
035 _a40850
040 _cCHAP
082 _a627.13
_bM4
110 _aMéxico. Secretaría de Recursos Hidráulicos
_977210
245 _aEstadística de canales construídos porla C.N.I. y la S.R.H. hasta 1970
260 _aMéxico, D.F. :
_bDepartamento de Estadística,
_c1973
300 _a80 tablas
590 _aBATCH-UPD
_b10
_c20130110
_lUCH01
_h2307
590 _aBATCH-UPD
_b10
_c20130410
_lUCH01
_h1559
590 _aBATCH-UPD
_b10
_c20130914
_lUCH01
_h0832
590 _aCONVERSION
_b10
_c20130109
_lUCH01
_h1320
650 1 4 _aCanales
_xMéxico.
_918264
901 _aBK
942 _cLIBRO
949 _a627.13 M4
_bBC
_cLIBRO
_d33724000021622
_eLIBRO
_h28702
_i40850
_mD
_si
999 _c35759
_d35759